[Event "CRO-chT U16"]
[Site "Nasice"]
[Date "2017.12.30"]
[Round "7"]
[White "Cotic, Borna"]
[Black "Kolar, Mihael"]
[Result "1/2-1/2"]
[WhiteElo "2002"]
[BlackElo "1831"]
[PlyCount "75"]
[EventDate "2017.12.27"]
[EventType "team-tourn"]
[EventRounds "7"]
[EventCountry "CRO"]
[SourceTitle "EXT 2019"]
[Source "ChessBase"]
[SourceDate "2018.10.10"]
[SourceVersion "1"]
[SourceVersionDate "2018.10.10"]
[SourceQuality "1"]

1. e4 e5 2. Nf3 Nf6 3. Nc3 Bb4 4. Nxe5 d6 5. Nd3 Bxc3 6. dxc3 0-0 7. Be2 Nxe4 8. 0-0 Nc6 9. Re1 h6 10. Bf1 Nf6 11. Bf4 Bf5 12. h3 Qd7 13. Bh2 Rfe8 14. Qf3 Re4 15. Rad1 Rxe1 16. Rxe1 Be6 17. b3 Re8 18. Nf4 Bf5 19. Rxe8+ Qxe8 20. Nd3 Be4 21. Qe3 Nd5 22. Qd2 Qe6 23. c4 Nf6 24. Nf4 Qf5 25. g4 Ne5 26. Be2 Qg5 27. Bg3 Nf3+ 28. Bxf3 Bxf3 29. Qe3 Be4 30. Qc3 h5 31. f3 Bc6 32. Qe3 hxg4 33. hxg4 Nd7 34. Qe8+ Nf8 35. Qe2 Nd7 36. Qe8+ Nf8 37. Qe2 Nd7 38. Qe8+ 1/2-1/2

[Event "CRO-chT U16"]
[Site "Nasice"]
[Date "2017.12.28"]
[Round "3"]
[White "Kolar, Mihael"]
[Black "Ljubicic, Mario"]
[Result "1-0"]
[WhiteElo "1831"]
[BlackElo "1831"]
[PlyCount "57"]
[EventDate "2017.12.27"]
[EventType "team-tourn"]
[EventRounds "7"]
[EventCountry "CRO"]
[SourceTitle "EXT 2019"]
[Source "ChessBase"]
[SourceDate "2018.10.10"]
[SourceVersion "1"]
[SourceVersionDate "2018.10.10"]
[SourceQuality "1"]

1. d4 Nf6 2. Nf3 g6 3. c4 d6 4. Nc3 Nbd7 5. Bg5 Bg7 6. e3 0-0 7. Bd3 b6 8. 0-0 Bb7 9. Re1 e5 10. dxe5 Nxe5 11. Nxe5 dxe5 12. Qc2 Qc8 13. h3 Re8 14. Bxf6 Bxf6 15. Ne4 Bg7 16. c5 Qe6 17. Red1 Rad8 18. Bb5 c6 19. Bc4 Rxd1+ 20. Rxd1 Qe7 21. Nd6 Rf8 22. Qb3 h6 23. Bxf7+ Kh7 24. Bxg6+ Kxg6 25. Qc2+ e4 26. Nxe4 Kf7 27. Qc4+ Kg6 28. Rd6+ Kh7 29. Qd3 1-0

[Event "Bjelovar op"]
[Site "Bjelovar"]
[Date "2017.08.03"]
[Round "1"]
[White "Matko, Ognjen"]
[Black "Kolar, Mihael"]
[Result "1-0"]
[WhiteElo "2317"]
[BlackElo "1735"]
[PlyCount "45"]
[EventDate "2017.08.03"]
[EventType "swiss"]
[EventRounds "7"]
[EventCountry "CRO"]
[SourceTitle "CBM 180 Extra"]
[Source "ChessBase"]
[SourceDate "2017.10.06"]
[SourceVersion "1"]
[SourceVersionDate "2017.10.06"]
[SourceQuality "1"]

1. e4 e5 2. Nf3 Nc6 3. d4 exd4 4. Nxd4 Qf6 5. Be3 Bb4+ 6. c3 Ba5 7. Nd2 a6 8. Nc4 Bb6 9. Nxb6 cxb6 10. Nf5 d5 11. Qxd5 Bxf5 12. Qxf5 Qxf5 13. exf5 Nge7 14. f6 gxf6 15. Bxb6 Nd5 16. Bc5 0-0-0 17. 0-0-0 Rhe8 18. g3 Ne5 19. Bg2 Nxc3 20. bxc3 Nd3+ 21. Rxd3 Rxd3 22. Kc2 Red8 23. Bd4 1-0

[Event "CRO-chT U16 final"]
[Site "Djurdjevac"]
[Date "2016.12.29"]
[Round "5.11"]
[White "Kolar, Mihael"]
[Black "Matanovic, Anto"]
[Result "1-0"]
[WhiteElo "1720"]
[BlackElo "1683"]
[PlyCount "65"]
[EventDate "2016.12.27"]
[EventType "team-tourn"]
[EventRounds "7"]
[EventCountry "CRO"]
[SourceTitle "EXT 2019"]
[Source "ChessBase"]
[SourceDate "2018.10.10"]
[SourceVersion "1"]
[SourceVersionDate "2018.10.10"]
[SourceQuality "1"]

1. d4 d5 2. Nf3 Nf6 3. c4 c6 4. e3 Bg4 5. h3 Bh5 6. Be2 e6 7. Nc3 Bd6 8. Qb3 Qc7 9. c5 Be7 10. Bd2 Nbd7 11. g4 Bg6 12. Nh4 Be4 13. Bf3 Bxf3 14. Nxf3 Rb8 15. Qc2 e5 16. a3 e4 17. Ng1 b6 18. b4 0-0 19. Nge2 bxc5 20. bxc5 Rb7 21. Nf4 Rfb8 22. g5 Ne8 23. Nfxd5 cxd5 24. Nxd5 Qd8 25. c6 Rc8 26. Qxe4 Bxg5 27. cxb7 Rb8 28. Rc1 Nd6 29. Qg2 Rxb7 30. Bb4 Nf5 31. Nf6+ Bxf6 32. Qxb7 Nb6 33. Qe4 1-0

[Event "CRO-chT U16 final"]
[Site "Djurdjevac"]
[Date "2016.12.28"]
[Round "4.21"]
[White "Golub, Nikolina"]
[Black "Kolar, Mihael"]
[Result "0-1"]
[WhiteElo "1856"]
[BlackElo "1720"]
[PlyCount "100"]
[EventDate "2016.12.27"]
[EventType "team-tourn"]
[EventRounds "7"]
[EventCountry "CRO"]
[SourceTitle "EXT 2019"]
[Source "ChessBase"]
[SourceDate "2018.10.10"]
[SourceVersion "1"]
[SourceVersionDate "2018.10.10"]
[SourceQuality "1"]

1. d4 Nf6 2. c4 e6 3. Nc3 d5 4. Nf3 Bb4 5. e3 0-0 6. Bd3 a6 7. 0-0 c5 8. cxd5 cxd4 9. exd4 exd5 10. a3 Bxc3 11. bxc3 Bg4 12. h3 Bh5 13. Be2 Ne4 14. Qb3 Nd7 15. c4 dxc4 16. Qxb7 Nc3 17. Qb2 Nxe2+ 18. Qxe2 Re8 19. Qd1 Re6 20. Bg5 Qa5 21. g4 Bg6 22. Be3 Qd5 23. Ne1 Bd3 24. Nxd3 cxd3 25. Rc1 Rae8 26. Rc3 Nf6 27. Qxd3 Ne4 28. Rc7 h5 29. Bf4 hxg4 30. hxg4 Rg6 31. f3 Ng5 32. Bxg5 Qxg5 33. Rc5 Qf4 34. Rh5 Rxg4+ 35. fxg4 Qxg4+ 36. Kf2 Qxh5 37. Qxa6 Qh4+ 38. Kg2 Qg4+ 39. Kh1 Re2 40. Qa8+ Kh7 41. Rxf7 Qh5+ 42. Kg1 Qxf7 43. Qh1+ Kg8 44. Qa8+ Re8 45. Qc6 Re1+ 46. Kg2 Qf1+ 47. Kg3 Re3+ 48. Kg4 Qe2+ 49. Kf4 Qf2+ 50. Kg4 Rg3+ 0-1

[Event "CRO-chT U16 final"]
[Site "Djurdjevac"]
[Date "2016.12.27"]
[Round "2.11"]
[White "Jambresic, Filip"]
[Black "Kolar, Mihael"]
[Result "1-0"]
[WhiteElo "2007"]
[BlackElo "1720"]
[PlyCount "47"]
[EventDate "2016.12.27"]
[EventType "team-tourn"]
[EventRounds "7"]
[EventCountry "CRO"]
[SourceTitle "EXT 2019"]
[Source "ChessBase"]
[SourceDate "2018.10.10"]
[SourceVersion "1"]
[SourceVersionDate "2018.10.10"]
[SourceQuality "1"]

1. Nf3 b6 2. g3 Bb7 3. Bg2 Nf6 4. c4 e6 5. 0-0 Be7 6. Nc3 c5 7. d3 0-0 8. Qc2 h6 9. a3 Nc6 10. Rb1 e5 11. e4 Nd4 12. Nxd4 cxd4 13. Nd5 Nxd5 14. exd5 d6 15. f4 Rb8 16. f5 Bg5 17. h4 Bxc1 18. Rbxc1 Qf6 19. Be4 Kh8 20. b4 Rbc8 21. a4 Rg8 22. Qd2 g5 23. fxg6 Qg7 24. Rxf7 1-0

[Event "CRO-chT U16 final"]
[Site "Djurdjevac"]
[Date "2016.12.27"]
[Round "1.31"]
[White "Kolar, Mihael"]
[Black "Smetisko, Josip"]
[Result "0-1"]
[WhiteElo "1720"]
[BlackElo "1942"]
[PlyCount "108"]
[EventDate "2016.12.27"]
[EventType "team-tourn"]
[EventRounds "7"]
[EventCountry "CRO"]
[SourceTitle "EXT 2019"]
[Source "ChessBase"]
[SourceDate "2018.10.10"]
[SourceVersion "1"]
[SourceVersionDate "2018.10.10"]
[SourceQuality "1"]

1. d4 Nf6 2. Nf3 g6 3. Bf4 d5 4. e3 Bg7 5. Bd3 0-0 6. h3 b6 7. 0-0 Bb7 8. Nbd2 Nbd7 9. c3 c5 10. Re1 Re8 11. b4 c4 12. Bc2 Nh5 13. Bh2 e6 14. e4 f5 15. e5 Rf8 16. Nf1 f4 17. h4 Bh6 18. Qb1 Qe8 19. N1d2 Ng7 20. Qd1 Nf5 21. Nf1 Qe7 22. Bxf5 Rxf5 23. Qd2 Raf8 24. a4 a6 25. a5 b5 26. Ra2 Kh8 27. Qd1 Bc6 28. N1d2 g5 29. hxg5 Bxg5 30. Kf1 Rg8 31. Ke2 Nf8 32. Qc2 Bh6 33. Rg1 Be8 34. Raa1 Bg6 35. Qd1 Rh5 36. Ke1 Bd3 37. g3 fxg3 38. Bxg3 Ng6 39. Nh2 Nf4 40. Nhf1 Rh1 41. Bxf4 Rgxg1 42. Bxh6 Rxf1+ 43. Nxf1 Rxf1+ 44. Kd2 Rxd1+ 45. Rxd1 Qh4 46. Be3 Qg4 47. Re1 Bg6 48. f3 Qf5 49. Re2 Qc2+ 50. Ke1 Qxc3+ 51. Kf2 Qxb4 52. Kg3 c3 53. Kh4 c2 54. Re1 Qxe1+ 0-1

[Event "CRO-ch U17"]
[Site "Vinkovci"]
[Date "2016.07.31"]
[Round "9"]
[White "Kanizaj, Benjamin"]
[Black "Kolar, Mihael"]
[Result "1-0"]
[WhiteElo "1762"]
[BlackElo "1716"]
[PlyCount "43"]
[EventDate "2016.07.25"]
[EventType "swiss"]
[EventRounds "9"]
[EventCountry "CRO"]
[SourceTitle "CBM 173 Extra"]
[Source "ChessBase"]
[SourceDate "2016.08.29"]
[SourceVersion "1"]
[SourceVersionDate "2016.08.29"]
[SourceQuality "1"]

1. e4 e6 2. d4 c5 3. Nf3 Be7 4. Nc3 a6 5. Be3 Nc6 6. d5 Na7 7. d6 Bf8 8. Bxc5 b6 9. Be3 g6 10. Qd2 Bg7 11. Bc4 Bb7 12. Bd4 f6 13. Bb3 Nc6 14. 0-0 Nxd4 15. Nxd4 Nh6 16. f4 f5 17. exf5 gxf5 18. Rae1 b5 19. Bxe6 Qb6 20. Bd5+ Kf8 21. Bxb7 Bxd4+ 22. Kh1 1-0

[Event "EU-ch U14 25th"]
[Site "Porec"]
[Date "2015.09.24"]
[Round "4"]
[White "Omorjan, Dejan"]
[Black "Kolar, Mihael"]
[Result "1-0"]
[WhiteElo "1992"]
[BlackElo "1661"]
[PlyCount "79"]
[EventDate "2015.09.21"]
[EventType "swiss"]
[EventRounds "9"]
[EventCountry "CRO"]
[SourceTitle "EXT 2016"]
[Source "ChessBase"]
[SourceDate "2015.10.08"]
[SourceVersion "1"]
[SourceVersionDate "2015.10.08"]
[SourceQuality "1"]

1. d4 Nf6 2. c4 e6 3. Nf3 c5 4. d5 exd5 5. cxd5 d6 6. Nc3 g6 7. e4 Bg7 8. Bg5 0-0 9. Be2 Re8 10. Qc2 Na6 11. 0-0 Nc7 12. Nd2 h6 13. Be3 Rb8 14. a4 a6 15. a5 b5 16. axb6 Rxb6 17. Nc4 Rb8 18. Bf4 Nxe4 19. Nxe4 Nb5 20. Bd3 Bf5 21. Ncxd6 Nxd6 22. Nxd6 Rxb2 23. Qd1 Bxd3 24. Qxd3 Ree2 25. Rae1 Rxe1 26. Rxe1 Qa5 27. Rd1 Qa2 28. Be3 Rb4 29. Bxc5 Rb3 30. Qe4 Rb2 31. Be3 Re2 32. Qe8+ Kh7 33. Qxf7 Qc2 34. Rf1 Qc3 35. Ne8 a5 36. Qxg7+ Qxg7 37. Nxg7 Kxg7 38. d6 Kf7 39. d7 Ke7 40. Rd1 1-0

[Event "CRO-chT U20 24th"]
[Site "Sv Filip i Jakov"]
[Date "2015.04.04"]
[Round "11.2"]
[White "Kolar, Mihael"]
[Black "Skocibusic, Davor"]
[Result "0-1"]
[WhiteElo "1683"]
[BlackElo "1711"]
[PlyCount "40"]
[EventDate "2015.03.30"]
[EventType "team-tourn"]
[EventRounds "11"]
[EventCountry "CRO"]
[SourceTitle "CBM 165 Extra"]
[Source "ChessBase"]
[SourceDate "2015.04.21"]
[SourceVersion "1"]
[SourceVersionDate "2015.04.21"]
[SourceQuality "1"]

1. d4 e5 2. dxe5 Nc6 3. g3 Nxe5 4. Bg2 Nf6 5. b3 c6 6. Bb2 Ng6 7. Nd2 d5 8. Ngf3 Bf5 9. 0-0 Qd7 10. Re1 0-0-0 11. c3 Bh3 12. e3 h5 13. e4 dxe4 14. Bxh3 Qxh3 15. Ng5 Qf5 16. Ngxe4 Nxe4 17. Rxe4 Bc5 18. Re2 h4 19. Qf1 hxg3 20. hxg3 Qh5 0-1

[Event "CRO-chT U20 24th"]
[Site "Sv Filip i Jakov"]
[Date "2015.04.01"]
[Round "5.3"]
[White "Plenca, Jadranko"]
[Black "Kolar, Mihael"]
[Result "1-0"]
[WhiteElo "2322"]
[BlackElo "1683"]
[PlyCount "39"]
[EventDate "2015.03.30"]
[EventType "team-tourn"]
[EventRounds "11"]
[EventCountry "CRO"]
[SourceTitle "CBM 165 Extra"]
[Source "ChessBase"]
[SourceDate "2015.04.21"]
[SourceVersion "1"]
[SourceVersionDate "2015.04.21"]
[SourceQuality "1"]

1. e4 e5 2. Nf3 Nc6 3. Nc3 Nf6 4. d4 exd4 5. Nxd4 Bb4 6. Nxc6 bxc6 7. Bd3 Qe7 8. 0-0 0-0 9. Qf3 Bb7 10. Bg5 h6 11. Bh4 d6 12. e5 Bxc3 13. Bxf6 Qe6 14. Qg3 g5 15. bxc3 dxe5 16. Bxe5 c5 17. c4 f5 18. Rfe1 Qc6 19. h4 f4 20. Qg4 1-0

[Event "CRO-chT U20 24th"]
[Site "Sv Filip i Jakov"]
[Date "2015.03.30"]
[Round "2.3"]
[White "Kolar, Mihael"]
[Black "Pavic, Filip"]
[Result "0-1"]
[WhiteElo "1683"]
[BlackElo "2216"]
[PlyCount "102"]
[EventDate "2015.03.30"]
[EventType "team-tourn"]
[EventRounds "11"]
[EventCountry "CRO"]
[SourceTitle "CBM 165 Extra"]
[Source "ChessBase"]
[SourceDate "2015.04.21"]
[SourceVersion "1"]
[SourceVersionDate "2015.04.21"]
[SourceQuality "1"]

1. d4 Nf6 2. Nf3 g6 3. c4 c5 4. e3 Bg7 5. Nc3 cxd4 6. exd4 0-0 7. h3 d5 8. Be2 Nc6 9. 0-0 dxc4 10. Bxc4 Na5 11. Bd3 Be6 12. Qe2 Rc8 13. Re1 Nc6 14. Be3 Nb4 15. Bb1 Nbd5 16. Bd2 Re8 17. a3 Nxc3 18. Bxc3 Bc4 19. Qd2 e6 20. Ne5 Bd5 21. Bd3 Nd7 22. Bb5 Nxe5 23. dxe5 Bc6 24. Bxc6 Qxd2 25. Bxd2 Rxc6 26. Bc3 Rd8 27. Rad1 Rcc8 28. Kf1 Kf8 29. Ke2 Ke8 30. g3 Bf8 31. Rxd8+ Rxd8 32. Rd1 Rxd1 33. Kxd1 Kd7 34. Ke2 Kc6 35. Kd2 Kd5 36. Kd3 Bc5 37. f4 Bf2 38. g4 Bg3 39. Ke3 g5 40. fxg5 Bxe5 41. Bxe5 Kxe5 42. h4 Kd5 43. b3 e5 44. h5 e4 45. a4 a5 46. Kf4 Kd4 47. Kf5 e3 48. Kf6 e2 49. Kxf7 e1Q 50. g6 hxg6 51. h6 g5 0-1

[Event "CRO-ch U17"]
[Site "Sveti Martin"]
[Date "2014.07.26"]
[Round "1"]
[White "Sokac, Marko"]
[Black "Kolar, Mihael"]
[Result "1-0"]
[WhiteElo "2112"]
[BlackElo "1675"]
[PlyCount "43"]
[EventDate "2014.07.26"]
[EventType "swiss"]
[EventRounds "9"]
[EventCountry "CRO"]
[SourceTitle "EXT 2016"]
[Source "ChessBase"]
[SourceDate "2015.10.08"]
[SourceVersion "1"]
[SourceVersionDate "2015.10.08"]
[SourceQuality "1"]

1. e4 e5 2. Nf3 Nc6 3. Bb5 a6 4. Ba4 Nf6 5. 0-0 d6 6. Re1 b5 7. Bb3 Be7 8. c3 0-0 9. d4 Bb7 10. Nbd2 h6 11. Nf1 Re8 12. Ng3 Qc8 13. h3 Bf8 14. Nh4 a5 15. Nh5 Qd8 16. a4 b4 17. Qf3 Be7 18. Nf5 Rf8 19. Nhxg7 exd4 20. Nxe7+ Qxe7 21. Nf5 Qd8 22. Qg3+ 1-0

[Event "CRO-ch U13"]
[Site "Kastel Stafilic"]
[Date "2014.06.25"]
[Round "6"]
[White "Mesar, Vedran"]
[Black "Kolar, Mihael"]
[Result "0-1"]
[WhiteElo "1550"]
[BlackElo "1677"]
[PlyCount "68"]
[EventDate "2014.06.22"]
[EventType "swiss"]
[EventRounds "9"]
[EventCountry "CRO"]
[SourceTitle "CBM 161 Extra"]
[Source "ChessBase"]
[SourceDate "2014.08.29"]
[SourceVersion "1"]
[SourceVersionDate "2014.08.29"]
[SourceQuality "1"]

1. e4 e5 2. Nf3 Nc6 3. Bc4 d6 4. c3 Be7 5. d4 Bg4 6. 0-0 Nf6 7. Re1 Qd7 8. Qd3 Nxe4 9. Qxe4 f5 10. Qd5 Nd8 11. dxe5 c6 12. Qd3 d5 13. Bb3 Ne6 14. h3 Nc5 15. Qc2 Bxf3 16. gxf3 Qe6 17. Kg2 g5 18. f4 g4 19. Be3 Qh6 20. Qxf5 Rg8 21. Bd1 Qxh3+ 22. Kg1 Rg6 23. Qxg6+ hxg6 24. Nd2 Kf7 25. Nf1 Ne4 26. Bc2 g3 27. Bxe4 gxf2+ 28. Kxf2 Bh4+ 29. Ke2 dxe4 30. Rec1 Rd8 31. Nd2 Qg2+ 32. Kd1 Qf1+ 33. Kc2 Qd3+ 34. Kb3 Qxe3 0-1

[Event "CRO-chT U20 23rd"]
[Site "Sv Filip i Jakov"]
[Date "2014.04.19"]
[Round "11.6"]
[White "Djuric, Petar1111"]
[Black "Kolar, Mihael"]
[Result "1/2-1/2"]
[WhiteElo "1970"]
[BlackElo "1676"]
[PlyCount "64"]
[EventDate "2014.04.14"]
[EventType "team-tourn"]
[EventRounds "11"]
[EventCountry "CRO"]
[SourceTitle "EXT 2016"]
[Source "ChessBase"]
[SourceDate "2015.10.08"]
[SourceVersion "1"]
[SourceVersionDate "2015.10.08"]
[SourceQuality "1"]

1. e4 e5 2. Nf3 Nc6 3. Bc4 Nf6 4. d3 h6 5. h3 Bc5 6. 0-0 d6 7. c3 Bb6 8. Be3 0-0 9. Nbd2 Be6 10. Bb5 Qe7 11. d4 exd4 12. cxd4 Bd7 13. d5 Ne5 14. Bxd7 Nexd7 15. Bxb6 axb6 16. Re1 Rfe8 17. Nd4 Nc5 18. b3 Nfd7 19. Nf5 Qf6 20. Ng3 Ne5 21. Re3 g6 22. Qf1 Re7 23. Nc4 Nxc4 24. bxc4 Rae8 25. Rae1 h5 26. f3 h4 27. Ne2 Ra8 28. Nc1 Qd4 29. Nb3 Nxb3 30. axb3 Ra3 31. Kh1 Re8 32. Rd3 Qf6 1/2-1/2

[Event "CRO-chT U20 23rd"]
[Site "Sv Filip i Jakov"]
[Date "2014.04.16"]
[Round "6.3"]
[White "Ostovic, Matija"]
[Black "Kolar, Mihael"]
[Result "1-0"]
[WhiteElo "2320"]
[BlackElo "1676"]
[PlyCount "48"]
[EventDate "2014.04.14"]
[EventType "team-tourn"]
[EventRounds "11"]
[EventCountry "CRO"]
[SourceTitle "EXT 2016"]
[Source "ChessBase"]
[SourceDate "2015.10.08"]
[SourceVersion "1"]
[SourceVersionDate "2015.10.08"]
[SourceQuality "1"]

1. d4 d5 2. Nf3 Nf6 3. c4 c6 4. e3 e6 5. Bd3 Bd6 6. Nbd2 Nbd7 7. 0-0 0-0 8. e4 dxe4 9. Nxe4 Nxe4 10. Bxe4 Nf6 11. Bc2 h6 12. b3 Re8 13. Bb2 Nd7 14. Re1 Nf8 15. Ne5 Be7 16. Qh5 f5 17. d5 Bf6 18. Nf7 Qe7 19. Nxh6+ gxh6 20. Bxf6 Qxf6 21. Qxe8 cxd5 22. cxd5 Kg7 23. dxe6 Nxe6 24. Rad1 f4 1-0

[Event "CRO-chT U20 23rd"]
[Site "Sv Filip i Jakov"]
[Date "2014.04.14"]
[Round "1.2"]
[White "Kolar, Mihael"]
[Black "Bosnjak, Petar"]
[Result "0-1"]
[WhiteElo "1676"]
[BlackElo "2177"]
[PlyCount "74"]
[EventDate "2014.04.14"]
[EventType "team-tourn"]
[EventRounds "11"]
[EventCountry "CRO"]
[SourceTitle "EXT 2016"]
[Source "ChessBase"]
[SourceDate "2015.10.08"]
[SourceVersion "1"]
[SourceVersionDate "2015.10.08"]
[SourceQuality "1"]

1. d4 Nf6 2. Nf3 e6 3. c4 Bb4+ 4. Bd2 Qe7 5. a3 Bxd2+ 6. Nbxd2 d6 7. e4 e5 8. d5 0-0 9. Bd3 Nh5 10. g3 Bh3 11. Rg1 Nf6 12. Bf1 Bg4 13. h3 Bxf3 14. Qxf3 c6 15. g4 a6 16. h4 b5 17. b3 bxc4 18. bxc4 a5 19. Rb1 Na6 20. Bh3 Nc5 21. g5 Nfd7 22. h5 Rab8 23. h6 g6 24. Bxd7 Nxd7 25. dxc6 Nc5 26. Ke2 Rbc8 27. Rb6 f6 28. Qg3 Ne6 29. Nf3 Nf4+ 30. Kd2 Qe6 31. Rc1 f5 32. Rc3 fxe4 33. Nh4 Nd3 34. Rxd3 exd3 35. Qxd3 Rf4 36. c7 Rd4 37. Rxd6 Qxd6 0-1

[Event "EU-ch U12 23rd"]
[Site "Budva"]
[Date "2013.09.29"]
[Round "1"]
[White "Ivic, Velimir"]
[Black "Kolar, Mihael"]
[Result "1-0"]
[WhiteElo "1950"]
[BlackElo "1691"]
[PlyCount "62"]
[EventDate "2013.09.29"]
[EventType "swiss"]
[EventRounds "9"]
[EventCountry "MNE"]
[SourceTitle "EXT 2014"]
[Source "ChessBase"]
[SourceDate "2013.11.20"]
[SourceVersion "1"]
[SourceVersionDate "2013.11.20"]
[SourceQuality "1"]

1. e4 e5 2. Nf3 Nc6 3. Bc4 Nf6 4. d3 h6 5. 0-0 Bc5 6. c3 Bb6 7. Bb3 d6 8. Nbd2 0-0 9. Nc4 Be6 10. Qe2 Na5 11. Nxa5 Bxa5 12. Bc2 Qe7 13. h3 Bb6 14. d4 exd4 15. cxd4 Rfe8 16. Be3 Bd7 17. e5 dxe5 18. dxe5 Nd5 19. Qd3 Qe6 20. Qh7+ Kf8 21. Nd4 Bxd4 22. Bxd4 b6 23. f4 c5 24. f5 cxd4 25. fxe6 Bxe6 26. Bf5 Ne3 27. Bxe6 Rxe6 28. Qh8+ Ke7 29. Qxa8 Rg6 30. Qb7+ Kd8 31. Rxf7 Rxg2+ 1-0